| 000 | 01690nam0a2200337 4500 | ||
|---|---|---|---|
| 001 | RU\NLR\BIBL_A\011458780 | ||
| 005 | 20241103092715.0 | ||
| 010 |
_a9785000781234 _9500 |
||
| 021 |
_aRU _b2017-55439 _93946 |
||
| 035 | _a(RuMoRGB)008947502 | ||
| 035 | _a(NLR Aleph) 011458780 | ||
| 090 |
_a11791417 _c11791418 |
||
| 100 | _a20170821d2017 k y0rusy50 ca | ||
| 101 | 0 | _arus | |
| 102 | _aRU | ||
| 105 | _ay z 0 zy | ||
| 200 | 1 |
_aКороткая память: представления о прошлом в условиях современной темпоральной трансформации _eмонография _fО. В. Головашина _gМинистерство образования и науки Российской Федерации, Федеральное государственное бюджетное образовательное учреждение высшего образования "Тамбовский государственный университет имени Г. Р. Державина" |
|
| 210 |
_aТамбов _cИзд-во ТГУ _d2017 |
||
| 215 |
_a117 с. _cил., табл. _d21 |
||
| 320 | _aБиблиогр.: с. 110-117 | ||
| 606 |
_aИсторическая память _xСоциально-психологические исследования _92261555 _3RU\NLR\AUTH\6601585764 |
||
| 606 | 1 |
_aВремя социальное _91379912 _3RU\NLR\AUTH\66265367 |
|
| 686 | 1 | _aС550.65 | |
| 686 | 1 | _aЮ252:Т08 | |
| 686 | 1 | _aЮ212.132 | |
| 686 | 1 | _aТ089 | |
| 700 | 1 |
_aГоловашина _bО. В. _gОксана Владимировна |
|
| 942 | _cBOOK | ||
| 980 | _aNBR | ||